000 00782cam a22002653a 4500
001 14033
003 PGUSA
005 20140828083312.0
008 041112s2004||||xxu|||||s|||||000 | eng d
040 _aPGUSA
_beng
042 _adc
050 4 _aDE
100 1 _aPlutarch,
_d46-119
245 1 0 _aPlutarch's Lives, Volume I
_h[electronic resource] /
_cPlutarch
260 _bProject Gutenberg,
_c2004
506 _aPublic domain in the USA.
516 _aElectronic text
653 _aRome -- Biography -- Early works to 1800
653 _aGreece -- Biography -- Early works to 1800
700 1 _aLong, George,
_d1800-1879
700 1 _aStewart, Aubrey,
_d1844-1918
830 0 _aProject Gutenberg
_v14033
856 4 0 _uhttp://www.gutenberg.org/ebooks/14033
942 _cEB
999 _c243288
_d243288